000 01718nam a22002177a 4500
999 _c60155
_d60155
003 Ge_BSU
005 20230614120520.0
008 230613s1997 ge ||||| |||| 00| 0 geo d
041 _ageo
080 _a94+7(05) ნ-28
245 _a ნარკვევები III /
_cსამეცნ. რედ. ნოდარ ლომოური, გურამ ყიფიანი; რედ. ნინო ნადარაია; საქართველოს კულტურის სამინისტრო. აკადემიკოს შალვა ამირანაშვილის სახელობის საქართველოს ხელოვნების სახელმწიფო მუზეუმი.
264 _aთბილისი,
_c1997.
300 _a176 გვ. ;
_b29 სმ.
653 _aახლადაღმოჩენილი სამარხები საქართველოში
653 _aარქეოლოგია
700 _aლომოური, ნოდარ
_eსამეცნიერო რედაქტორი
_95830
700 _aყიფიანი, გურამ
_eსამეცნიერო რედაქტორი
_913514
700 _aნადარაია, ნინო
_eრედაქტორი
_92397
710 _aსაქართველოს კულტურის სამინისტრო.
_bაკადემიკოს შალვა ამირანაშვილის სახელობის საქართველოს ხელოვნების სახელმწიფო მუზეუმი
_918680
942 _2udc
_cBK